| 000 | 00862nam a22003130a 4500 | ||
|---|---|---|---|
| 001 | PT537 | ||
| 003 | AR-LpoUNG | ||
| 005 | 20210131232320.0 | ||
| 008 | 191001s1998||||ag |||||||||||||||||spa d | ||
| 020 |
_a9879173023 _c$20 |
||
| 040 |
_aAR-LpoUNG _bspa _cAR-LpoUNG _eaacr |
||
| 041 | _aspa | ||
| 044 | _aag | ||
| 082 | 0 | _a982 45mon | |
| 100 | 1 |
_aIngenieros, José _edir. |
|
| 245 | 1 | 3 |
_aLa montaña : _bperiódico socialista revolucionario -1987- |
| 250 | _a2da. ed. | ||
| 260 |
_aBuenos Aires : _bUniversidad Nacional de Quilmes, _c1998. |
||
| 300 |
_a297 p. : _bgráfs. |
||
| 650 | 4 | _aHISTORIA NACIONAL | |
| 650 | 4 | _aINVESTIGACION HISTORICA | |
| 650 | 4 | _aPRENSA | |
| 650 | 4 | _aPUBLICACION DE NOTICIAS | |
| 651 | 4 | _aArgentina | |
| 700 | 1 |
_aLugones, Leopoldo _edir. |
|
| 710 | 2 | _aUniversidad Nacional de Quilmes | |
| 905 | _a537 | ||
| 942 | _cLIB | ||
| 999 |
_c14885 _d14885 |
||